[Event "Ruhrgebiet Verbandsklasse Gruppe 2 1819"]
[Site "Nordrheinwestfalen"]
[Date "2018.12.02"]
[Round "4.2"]
[White "Brueggestrass, Volker"]
[Black "Rutz, Dirk"]
[Result "0-1"]
[WhiteElo "2017"]
[BlackElo "1973"]
[PlyCount "58"]
[EventDate "2018.09.23"]
[EventType "team-tourn"]
[EventRounds "9"]
[EventCountry "GER"]
[SourceTitle "EXT 2022"]
[Source "ChessBase"]
[SourceDate "2021.10.06"]
[SourceVersion "1"]
[SourceVersionDate "2021.10.06"]
[SourceQuality "1"]
[WhiteTeam "Gerthe Werne"]
[BlackTeam "Unser Fritz"]
[WhiteTeamCountry "GER"]
[BlackTeamCountry "GER"]

1. e4 d6 2. d4 Nf6 3. Nc3 g6 4. f4 Bg7 5. Nf3 0-0 6. Bd3 c5 7. dxc5 dxc5 8. e5 Nd5 9. 0-0 Nxc3 10. bxc3 Nc6 11. Qe2 Bg4 12. Rb1 Qc7 13. Be3 b6 14. h3 Bxf3 15. Rxf3 f6 16. e6 f5 17. Bd2 Rad8 18. g4 Kh8 19. gxf5 c4 20. Bxc4 Rxf5 21. Bd3 Rf6 22. Re1 Qd6 23. Rf2 Bh6 24. Qg4 Rdf8 25. Qh4 Bxf4 26. Ref1 Bxd2 27. Rxf6 exf6 28. Bxg6 Qe7 29. Rd1 Rg8 0-1

[Event "Ruhrgebiet Verbandsliga Gruppe 2 1718"]
[Site "Germany"]
[Date "2018.04.29"]
[Round "9.3"]
[White "Limbourg, Philipp"]
[Black "Brueggestrass, Volker"]
[Result "1-0"]
[WhiteElo "2176"]
[BlackElo "2017"]
[PlyCount "35"]
[EventDate "2017.09.17"]
[EventType "team-tourn"]
[EventRounds "9"]
[EventCountry "GER"]
[SourceTitle "EXT 2022"]
[Source "ChessBase"]
[SourceDate "2021.10.06"]
[SourceVersion "1"]
[SourceVersionDate "2021.10.06"]
[SourceQuality "1"]
[WhiteTeam "Muelheim Nord III"]
[BlackTeam "Gerthe Werne"]
[WhiteTeamCountry "GER"]
[BlackTeamCountry "GER"]

1. e4 e5 2. Bc4 Nf6 3. d3 c6 4. Nf3 d5 5. Bb3 Nbd7 6. 0-0 Qc7 7. exd5 cxd5 8. Re1 Be7 9. Qe2 0-0 10. Nc3 d4 11. Nb5 Qb6 12. a4 Re8 13. Ng5 Rf8 14. f4 Bb4 15. fxe5 Bxe1 16. exf6 gxf6 17. Nxf7 Rxf7 18. Qe8+ 1-0

[Event "Ruhrgebiet Verbandsliga Gruppe 2 1718"]
[Site "Germany"]
[Date "2017.11.05"]
[Round "3.2"]
[White "Brueggestrass, Volker"]
[Black "Langschmidt, Dirk"]
[Result "1/2-1/2"]
[WhiteElo "2021"]
[BlackElo "1976"]
[PlyCount "73"]
[EventDate "2017.09.17"]
[EventType "team-tourn"]
[EventRounds "9"]
[EventCountry "GER"]
[SourceTitle "EXT 2022"]
[Source "ChessBase"]
[SourceDate "2021.10.06"]
[SourceVersion "1"]
[SourceVersionDate "2021.10.06"]
[SourceQuality "1"]
[WhiteTeam "Gerthe Werne"]
[BlackTeam "Muelheim SC"]
[WhiteTeamCountry "GER"]
[BlackTeamCountry "GER"]

1. e4 c5 2. c3 e6 3. d4 d5 4. exd5 Qxd5 5. Nf3 Nf6 6. Na3 cxd4 7. Nb5 Na6 8. Nbxd4 Nc7 9. Bd3 Bd6 10. 0-0 0-0 11. Bg5 Nh5 12. c4 Qa5 13. Nb3 Qb4 14. Nfd4 g6 15. Qf3 Be5 16. g4 Ng7 17. Qe2 Qd6 18. c5 Qd5 19. Nf3 f6 20. Bc4 Qd8 21. Bh6 Rf7 22. Rad1 Nd5 23. Nxe5 fxe5 24. Qxe5 Qh4 25. Qg5 Qxg5 26. Bxg5 Bd7 27. Rfe1 Raf8 28. Rxd5 exd5 29. Bxd5 Bxg4 30. Re7 Bf3 31. Bxf7+ Rxf7 32. Nd4 Bd5 33. a4 Rxe7 34. Bxe7 Kf7 35. Bg5 Ne6 36. Be3 Nxc5 37. a5 1/2-1/2

[Event "Ruhrgebiet Verbandsklasse Gruppe 2 1516"]
[Site "Germany"]
[Date "2016.02.21"]
[Round "7.3"]
[White "Schweiger, Udo"]
[Black "Brueggestrass, Volker"]
[Result "0-1"]
[WhiteElo "1742"]
[BlackElo "2040"]
[PlyCount "60"]
[EventDate "2015.09.06"]
[EventType "team-tourn"]
[EventRounds "9"]
[EventCountry "GER"]
[SourceTitle "EXT 2022"]
[Source "ChessBase"]
[SourceDate "2021.10.06"]
[SourceVersion "1"]
[SourceVersionDate "2021.10.06"]
[SourceQuality "1"]
[WhiteTeam "Ickern"]
[BlackTeam "Gerthe Werne"]
[WhiteTeamCountry "GER"]
[BlackTeamCountry "GER"]

1. e4 e5 2. Nf3 Nf6 3. Bc4 Nxe4 4. Nc3 Nc6 5. Bxf7+ Kxf7 6. Nxe4 d5 7. Neg5+ Kg8 8. d3 h6 9. Nh3 Qf6 10. Qe2 Bg4 11. c3 Re8 12. Be3 Bh5 13. Qf1 d4 14. Bd2 Bxf3 15. gxf3 Qxf3 16. Rg1 e4 17. Qe2 Qxh3 18. Rg3 Qe6 19. 0-0-0 Bd6 20. Rg2 e3 21. fxe3 dxe3 22. Be1 Kh7 23. Bh4 Rhf8 24. Rdg1 Rf7 25. Qh5 Ref8 26. Rg6 Qe5 27. Rxh6+ gxh6 28. Qg6+ Kh8 29. Qxh6+ Rh7 30. Rg8+ Kxg8 0-1

[Event "Ruhrgebiet Verbandsklasse Gruppe 2 1516"]
[Site "Germany"]
[Date "2015.09.06"]
[Round "1.2"]
[White "Fistoul, Michail"]
[Black "Brueggestrass, Volker"]
[Result "0-1"]
[WhiteElo "1992"]
[BlackElo "2040"]
[PlyCount "118"]
[EventDate "2015.09.06"]
[EventType "team-tourn"]
[EventRounds "9"]
[EventCountry "GER"]
[SourceTitle "EXT 2022"]
[Source "ChessBase"]
[SourceDate "2021.10.06"]
[SourceVersion "1"]
[SourceVersionDate "2021.10.06"]
[SourceQuality "1"]
[WhiteTeam "Bochum SG IV"]
[BlackTeam "Gerthe Werne"]
[WhiteTeamCountry "GER"]
[BlackTeamCountry "GER"]

1. d4 Nf6 2. c4 g6 3. f3 d5 4. cxd5 Nxd5 5. e4 Nb6 6. Nc3 Bg7 7. Be3 0-0 8. Qd2 Nc6 9. 0-0-0 f5 10. h4 fxe4 11. h5 gxh5 12. Rxh5 Bf5 13. Bh6 Qxd4 14. Qg5 Qf6 15. Bxg7 Qxg7 16. fxe4 Bg6 17. Rh3 Qe5 18. Nf3 Qf4+ 19. Qxf4 Rxf4 20. Bd3 Rd8 21. Ng5 Rg4 22. Ne6 Rd6 23. Nxc7 Rxg2 24. N7d5 Nxd5 25. Nxd5 Kg7 26. Nf4 Rf2 27. Nd5 e6 28. Nc3 Ne5 29. Rg3 a6 30. Be2 Rc6 31. Bh5 b5 32. Bxg6 hxg6 33. Rd2 Rf4 34. a3 Rxe4 35. Kb1 Rg4 36. Rh3 Nc4 37. Rdh2 e5 38. Nd5 Kf7 39. Rf2+ Ke6 40. Nb4 Rd6 41. Nd3 Rgd4 42. Nc5+ Kd5 43. b4 Nd2+ 44. Kc2 Ne4 45. Nxe4 Rxe4 46. Rg2 Rc4+ 47. Kb3 e4 48. Rhg3 Rcc6 49. a4 Rf6 50. Rg5+ Kd4 51. axb5 axb5 52. Rd2+ Ke3 53. Rdg2 Rf3 54. Rxg6 Rxg6 55. Rxg6 Kd2+ 56. Kb2 e3 57. Rd6+ Ke1 58. Kc1 e2 59. Re6 Kf1 0-1

[Event "Ruhrgebiet Verbandsliga Gruppe 1 1415"]
[Site "Germany"]
[Date "2015.03.29"]
[Round "8.3"]
[White "Brueggestrass, Volker"]
[Black "Rosen, Willy"]
[Result "0-1"]
[WhiteElo "2015"]
[BlackElo "2155"]
[PlyCount "38"]
[EventDate "2014.09.21"]
[EventType "team-tourn"]
[EventRounds "9"]
[EventCountry "GER"]
[SourceTitle "EXT 2022"]
[Source "ChessBase"]
[SourceDate "2021.10.06"]
[SourceVersion "1"]
[SourceVersionDate "2021.10.06"]
[SourceQuality "1"]
[WhiteTeam "Gerthe Werne"]
[BlackTeam "Katernberg SF III"]
[WhiteTeamCountry "GER"]
[BlackTeamCountry "GER"]

1. e4 c5 2. c3 Nf6 3. e5 Nd5 4. Nf3 Nc6 5. Bc4 Nb6 6. Bb3 d5 7. exd6 exd6 8. d4 Bg4 9. 0-0 Be7 10. Be3 0-0 11. Nbd2 cxd4 12. cxd4 d5 13. Re1 f5 14. Nb1 f4 15. Bc1 Bf6 16. Qd3 Bxf3 17. Qxf3 Nxd4 18. Qd3 Re8 19. Rd1 Ne2+ 0-1

[Event "Ruhrgebiet Verbandsliga Gruppe 1 1415"]
[Site "Germany"]
[Date "2014.11.16"]
[Round "3"]
[White "Brueggestrass, Volker"]
[Black "Rostek, Joerg"]
[Result "1-0"]
[WhiteElo "2015"]
[BlackElo "2048"]
[PlyCount "50"]
[EventDate "2014.09.21"]
[EventType "team-tourn"]
[EventRounds "9"]
[EventCountry "GER"]
[SourceTitle "EXT 2022"]
[Source "ChessBase"]
[SourceDate "2021.10.06"]
[SourceVersion "1"]
[SourceVersionDate "2021.10.06"]
[SourceQuality "1"]
[WhiteTeam "Gerthe Werne"]
[BlackTeam "Hoentrop SG"]
[WhiteTeamCountry "GER"]
[BlackTeamCountry "GER"]

1. e4 c5 2. c3 Nf6 3. e5 Nd5 4. Nf3 Nc6 5. d4 cxd4 6. cxd4 d6 7. Bc4 e6 8. 0-0 Be7 9. Qe2 0-0 10. Nc3 Nxc3 11. bxc3 dxe5 12. dxe5 Qa5 13. Qe4 Qa4 14. Bg5 h6 15. Bxe7 Nxe7 16. Rab1 Rb8 17. Rb4 Qc6 18. Qe2 Qc7 19. Bd3 Qxc3 20. Qe4 Rd8 21. Rb3 Qc6 22. Qh7+ Kf8 23. Qh8+ Ng8 24. Bh7 Ke7 25. Qxg7 Bd7 1-0

[Event "Ruhrgebiet Regionalliga 1314"]
[Site "Ruhrgebiet"]
[Date "2014.03.02"]
[Round "7.3"]
[White "Kleinegger, Frank"]
[Black "Brueggestrass, Volker"]
[Result "1/2-1/2"]
[WhiteElo "2144"]
[BlackElo "2008"]
[PlyCount "54"]
[EventDate "2013.09.22"]
[EventType "team-tourn"]
[EventRounds "9"]
[EventCountry "GER"]
[SourceTitle "EXT 2024"]
[Source "ChessBase"]
[SourceDate "2023.10.10"]
[SourceVersion "1"]
[SourceVersionDate "2023.10.10"]
[SourceQuality "1"]
[WhiteTeam "Kamen"]
[BlackTeam "Gerthe Werne"]
[WhiteTeamCountry "GER"]
[BlackTeamCountry "GER"]

1. c4 Nf6 2. Nc3 d5 3. cxd5 Nxd5 4. g3 Nxc3 5. bxc3 g6 6. Bg2 Bg7 7. Rb1 Nd7 8. h4 h5 9. Nh3 Nb6 10. c4 c5 11. d3 Qc7 12. Bf4 e5 13. Be3 Bd7 14. 0-0 0-0 15. Qd2 Bc6 16. Bxc6 Qxc6 17. Rb5 Nd7 18. Rfb1 b6 19. f3 Rab8 20. Bh6 a6 21. R5b3 b5 22. Bxg7 Kxg7 23. cxb5 Rxb5 24. Nf2 Rfb8 25. Qc3 Rxb3 26. Rxb3 Rxb3 27. axb3 Qd5 1/2-1/2

[Event "Ruhrgebiet Verbandsliga2 1213"]
[Site "Nordrheinwestfalen"]
[Date "2013.02.03"]
[Round "6.2"]
[White "Brueggestrass, Volker"]
[Black "Frohne, Gerd"]
[Result "1-0"]
[WhiteElo "2065"]
[BlackElo "2073"]
[PlyCount "69"]
[EventDate "2012.09.02"]
[EventType "team-tourn"]
[EventRounds "9"]
[EventCountry "GER"]
[SourceTitle "EXT 2020"]
[Source "ChessBase"]
[SourceDate "2019.10.17"]
[SourceVersion "1"]
[SourceVersionDate "2019.10.17"]
[SourceQuality "1"]
[WhiteTeam "Mengede SG"]
[BlackTeam "Gladbeck SG"]
[WhiteTeamCountry "GER"]
[BlackTeamCountry "GER"]

1. e4 e6 2. d4 d5 3. Nc3 Nf6 4. e5 Nfd7 5. f4 c5 6. Nf3 Nc6 7. Be3 cxd4 8. Nxd4 Bc5 9. Qd2 0-0 10. g3 a6 11. Bg2 Nxd4 12. Bxd4 b5 13. Ne2 Qc7 14. 0-0 Bb7 15. Kh1 Rac8 16. Rae1 b4 17. Bxc5 Qxc5 18. Nd4 Nb6 19. b3 Qc3 20. Qf2 Nd7 21. f5 Nc5 22. f6 g6 23. Qf4 Kh8 24. Qh6 Rg8 25. Nf3 g5 26. Nxg5 Rxg5 27. Qxg5 Rg8 28. Qf4 a5 29. Bf3 Ba6 30. Bh5 Bxf1 31. Rxf1 Ne4 32. Bxf7 Rg5 33. Bxe6 Qxc2 34. f7 Nxg3+ 35. Qxg3 1-0

[Event "Ruhrgebiet Verbandsliga1 1112"]
[Site "Nordrheinwestfalen"]
[Date "2011.11.13"]
[Round "3.2"]
[White "Pruess, Wilfried"]
[Black "Brueggestrass, Volker"]
[Result "1/2-1/2"]
[WhiteElo "2119"]
[BlackElo "2038"]
[PlyCount "50"]
[EventDate "2012.09.18"]
[EventType "team-tourn"]
[EventRounds "9"]
[EventCountry "GER"]
[SourceTitle "EXT 2020"]
[Source "ChessBase"]
[SourceDate "2019.10.17"]
[SourceVersion "1"]
[SourceVersionDate "2019.10.17"]
[SourceQuality "1"]
[WhiteTeam "Koenigsspringer Hamm"]
[BlackTeam "Gerthe Werne"]
[WhiteTeamCountry "GER"]
[BlackTeamCountry "GER"]

1. e4 e5 2. Nc3 Nf6 3. f4 d5 4. fxe5 Nxe4 5. Nf3 Be7 6. Qe2 Nxc3 7. dxc3 0-0 8. Bf4 Be6 9. Qd2 Nd7 10. Bd3 Nc5 11. 0-0 Nxd3 12. cxd3 Qd7 13. Rae1 Bg4 14. Bg5 Rae8 15. d4 Bxg5 16. Qxg5 Bxf3 17. Rxf3 f6 18. Qg3 fxe5 19. Rxf8+ Rxf8 20. Rxe5 Rf7 21. Qe1 Kf8 22. Qe2 c6 23. h3 Rf6 24. Kh2 Qc7 25. Kg1 Qd7 1/2-1/2

[Event "Ruhrgebiet VK1 0708"]
[Site "Germany"]
[Date "2008.04.27"]
[Round "9.2"]
[White "Brueggestrass, Volker"]
[Black "Gerst, Michael"]
[Result "1/2-1/2"]
[WhiteElo "2028"]
[BlackElo "1965"]
[PlyCount "64"]
[EventDate "2007.09.16"]
[EventType "team"]
[EventRounds "9"]
[EventCountry "GER"]
[SourceTitle "EXT 2009"]
[Source "ChessBase"]
[SourceDate "2008.11.26"]
[SourceVersion "1"]
[SourceVersionDate "2008.11.26"]
[SourceQuality "1"]
[WhiteTeam "Gerthe"]
[BlackTeam "Oberhausen II"]
[WhiteTeamCountry "GER"]
[BlackTeamCountry "GER"]

1. e4 c5 2. d4 cxd4 3. c3 d5 4. exd5 Qxd5 5. cxd4 Nc6 6. Nf3 Nf6 7. Nc3 Qd6 8. a3 e6 9. Bd3 Be7 10. 0-0 0-0 11. Be3 b6 12. Qe2 Bb7 13. Rad1 Rad8 14. Ng5 Rfe8 15. Qf3 Qb8 16. Bxh7+ Kf8 17. Qh3 Nxh7 18. Qxh7 Bf6 19. Nce4 Ke7 20. Nxf6 Rh8 21. Qh5 Rxh5 22. Nxh5 Kf8 23. Ng3 Rd5 24. N5e4 Qd8 25. Ne2 Ba6 26. N4c3 Bxe2 27. Nxe2 Rd7 28. Rc1 Ne7 29. Rc2 Rc7 30. Rxc7 Qxc7 31. Rc1 Qd7 32. Nf4 Nc6 1/2-1/2

[Event "Ruhrgebiet VK1 0708"]
[Site "Germany"]
[Date "2007.10.21"]
[Round "2.2"]
[White "Brueggestrass, Volker"]
[Black "Voss, Hubertus"]
[Result "0-1"]
[WhiteElo "2025"]
[BlackElo "2199"]
[PlyCount "78"]
[EventDate "2007.09.16"]
[EventType "team"]
[EventRounds "9"]
[EventCountry "GER"]
[SourceTitle "EXT 2009"]
[Source "ChessBase"]
[SourceDate "2008.11.26"]
[SourceVersion "1"]
[SourceVersionDate "2008.11.26"]
[SourceQuality "1"]
[WhiteTeam "Gerthe"]
[BlackTeam "Hamm"]
[WhiteTeamCountry "GER"]
[BlackTeamCountry "GER"]

1. e4 c5 2. c3 Nf6 3. e5 Nd5 4. Nf3 Nc6 5. d4 cxd4 6. Bc4 Nb6 7. Bb3 d5 8. exd6 exd6 9. Nxd4 Be7 10. 0-0 0-0 11. Bf4 d5 12. Re1 a6 13. Be3 Bf6 14. Nxc6 bxc6 15. Bc5 Be6 16. Bxf8 Qxf8 17. Nd2 a5 18. Nf3 a4 19. Bc2 g6 20. Nd4 Bd7 21. Qf3 Kg7 22. Rad1 Qc8 23. h3 c5 24. Ne2 Bc6 25. Ng3 h5 26. Qd3 Nc4 27. Rb1 Ne5 28. Qe2 h4 29. f4 Nd7 30. Nf1 a3 31. Qd2 axb2 32. Bb3 c4 33. Bd1 Nc5 34. Bf3 Nd3 35. Rxb2 d4 36. Rc2 Bxf3 37. gxf3 Nxe1 38. Qxe1 d3 39. Rb2 Ra3 0-1

[Event "Ruhrgebiet VK1 0405"]
[Site "Ruhrgebiet"]
[Date "2004.09.12"]
[Round "1.3"]
[White "Brueggestrass, Volker"]
[Black "Dewald, Christian"]
[Result "1-0"]
[WhiteElo "1992"]
[BlackElo "1853"]
[PlyCount "59"]
[EventDate "2004.09.12"]
[EventType "team"]
[EventRounds "9"]
[EventCountry "GER"]
[SourceTitle "EXT 2006"]
[Source "ChessBase"]
[SourceDate "2005.11.24"]
[SourceVersion "1"]
[SourceVersionDate "2005.11.24"]
[SourceQuality "1"]
[WhiteTeam "Gerthe"]
[BlackTeam "Gelsenkirchen II"]
[WhiteTeamCountry "GER"]
[BlackTeamCountry "GER"]

1. e4 c5 2. d4 cxd4 3. c3 d3 4. Bxd3 Nc6 5. c4 e6 6. Nc3 Nf6 7. Nf3 d6 8. 0-0 Be7 9. b3 0-0 10. Bb2 Qa5 11. Re1 Rd8 12. Nb5 a6 13. Nbd4 Nxd4 14. Bxd4 b5 15. Qe2 bxc4 16. Bxc4 Bb7 17. Qe3 Qh5 18. Bb6 Re8 19. Qf4 e5 20. Qg5 Qxg5 21. Nxg5 d5 22. exd5 Nxd5 23. Bxd5 Bxd5 24. Ne4 Bb4 25. Re2 Rac8 26. Rd1 Rc6 27. Bc5 Bxb3 28. axb3 Bxc5 29. Rc2 Rec8 30. Rxc5 1-0

[Event "Ruhrgebiet VK2 0304"]
[Site "Ruhrgebiet"]
[Date "2003.12.07"]
[Round "4.3"]
[White "Brueggestrass, Volker"]
[Black "Pahne, Dirk"]
[Result "1/2-1/2"]
[WhiteElo "1995"]
[BlackElo "1996"]
[PlyCount "143"]
[EventDate "2003.09.28"]
[EventType "team"]
[EventRounds "9"]
[EventCountry "GER"]
[SourceTitle "EXT 2007"]
[Source "ChessBase"]
[SourceDate "2006.11.23"]
[SourceVersion "1"]
[SourceVersionDate "2006.11.23"]
[SourceQuality "1"]
[WhiteTeam "Gerthe"]
[BlackTeam "Eving SV Rochade"]
[WhiteTeamCountry "GER"]
[BlackTeamCountry "GER"]

1. e4 c5 2. d4 cxd4 3. c3 d3 4. Bxd3 d6 5. c4 g6 6. Nc3 Bg7 7. Nge2 Nf6 8. 0-0 0-0 9. b3 Nc6 10. Bb2 Bg4 11. f3 Bd7 12. Qd2 Qa5 13. Rfd1 Rfd8 14. Rac1 Rac8 15. Kh1 Ne5 16. Bb1 Bc6 17. Qe3 Rd7 18. a3 Qc5 19. Qxc5 dxc5 20. h3 Ne8 21. f4 Rxd1+ 22. Rxd1 Nd7 23. Nd5 Bxd5 24. Bxg7 Nxg7 25. Rxd5 Nb6 26. Rd2 Ne6 27. g3 a5 28. f5 Rd8 29. Rxd8+ Nxd8 30. Nc3 Nc6 31. Kg2 Nd4 32. fxg6 hxg6 33. Ba2 Kg7 34. Kf2 Kf6 35. Ke3 Ke5 36. Nd5 Nxd5+ 37. exd5 Nc2+ 38. Kd3 Nd4 39. Ke3 f5 40. h4 Kf6 41. Kd3 Ke5 42. Ke3 b6 43. Kd3 e6 44. dxe6 Nxe6 45. Bb1 Nd4 46. Ba2 Kf6 47. b4 g5 48. bxc5 bxc5 49. Bb1 Nf3 50. Ke3 Ne5 51. Ba2 Ng6 52. hxg5+ Kxg5 53. Bb3 Ne5 54. Kf2 Nc6 55. Bd1 f4 56. Bf3 Ne5 57. Bd5 Kf5 58. gxf4 Kxf4 59. Ke2 Ng4 60. Kd2 Ke5 61. Kc3 Ne3 62. Bg8 Kd6 63. Kb3 Kc6 64. Bf7 Nf5 65. Bd5+ Kb6 66. Bg8 Nd4+ 67. Ka4 Ne2 68. Kb3 Nc1+ 69. Kc2 Ne2 70. Kb3 Nd4+ 71. Ka4 Ne2 72. Kb3 1/2-1/2

[Event "Ruhrgebiet VK2 0304"]
[Site "Ruhrgebiet"]
[Date "2003.10.19"]
[Round "2.3"]
[White "Brueggestrass, Volker"]
[Black "Poetter, Clemens"]
[Result "0-1"]
[WhiteElo "1995"]
[BlackElo "2004"]
[PlyCount "86"]
[EventDate "2003.09.28"]
[EventType "team"]
[EventRounds "9"]
[EventCountry "GER"]
[SourceTitle "EXT 2007"]
[Source "ChessBase"]
[SourceDate "2006.11.23"]
[SourceVersion "1"]
[SourceVersionDate "2006.11.23"]
[SourceQuality "1"]
[WhiteTeam "Gerthe"]
[BlackTeam "Essen Borbeck II"]
[WhiteTeamCountry "GER"]
[BlackTeamCountry "GER"]

1. e4 c6 2. d4 d5 3. exd5 cxd5 4. Bd3 Nc6 5. c3 g6 6. Bf4 Bg7 7. Nf3 Bg4 8. Nbd2 Nh6 9. Qb3 Qd7 10. 0-0 0-0 11. Rfe1 f6 12. h3 Bxf3 13. Nxf3 Nf7 14. Bb5 Rad8 15. Re2 Rfe8 16. Rae1 e6 17. c4 a6 18. Bxc6 bxc6 19. cxd5 cxd5 20. Qb6 Nd6 21. Rxe6 Ne4 22. Rxe8+ Rxe8 23. Qxa6 g5 24. Be3 h5 25. Rc1 g4 26. hxg4 hxg4 27. Nd2 Nd6 28. Qc6 Qe6 29. Qb6 g3 30. Nf3 Bf8 31. Re1 Qf5 32. Qb3 Ne4 33. Qd1 Bd6 34. fxg3 Bxg3 35. Rf1 Qh5 36. Bd2 Kg7 37. Qa4 Re7 38. Be1 Bf4 39. Qb3 Ng5 40. Bh4 Be3+ 41. Bf2 Nxf3+ 42. gxf3 Qg5+ 43. Kh2 Bf4+ 0-1